000 00475nam a2200157 i 4500
001 129567
003 ES-MaACL
005 20230906193528.0
007 t|
008 070626s1966 sp ||||1| spa d
100 1 _aThurian, Max.
_9110184
245 1 0 _aMonje de Taizé
_b: matrimonio y celibato /
_cMax Thurian ; [traducción de Enrique Goiburu].
260 _aZaragoza :
_bHechos y Dichos,
_c[1966]
300 _a188 p. ;
_c18 cm.
852 _aES-MaACL
_jC-31167
_bR.61871
999 _c129567
_d129567